000 00388nam a2200145Ia 4500
003 OSt
005 20240316143634.0
008 170523s9999 xx 000 0 und d
020 _a978-93-5014-417-6
040 _cIIMT UNIERSITY MEERUT
100 _aRaina- K.B.
245 0 _aElectrical Engineering Materials and Electronic Components
260 _aS.K. Kataria & Sons
942 _2ddc
_c02
999 _c11888
_d11888